2007 graduate programs in physics, astronomy, and related fields / (Record no. 29870)
[ view plain ]
| 000 -LEADER | |
|---|---|
| fixed length control field | 00767 a2200193 4500 |
| 020 ## - INTERNATIONAL STANDARD BOOK NUMBER | |
| International Standard Book Number | 0735403589 |
| 020 ## - INTERNATIONAL STANDARD BOOK NUMBER | |
| International Standard Book Number | 9780735403581 |
| 082 ## - DEWEY DECIMAL CLASSIFICATION NUMBER | |
| Classification number | 530.072073 |
| 090 ## - LOCALLY ASSIGNED LC-TYPE CALL NUMBER (OCLC); LOCAL CALL NUMBER (RLIN) | |
| -- | 1257 |
| -- | 1257 |
| 100 ## - MAIN ENTRY--PERSONAL NAME | |
| Personal name | Brodsky,Marc H. |
| 245 10 - TITLE STATEMENT | |
| Title | 2007 graduate programs in physics, astronomy, and related fields / |
| Statement of responsibility, etc. | American Institute of Physics. |
| 260 ## - PUBLICATION, DISTRIBUTION, ETC. | |
| Place of publication, distribution, etc. | [S.l.] : |
| Name of publisher, distributor, etc. | American Inst. of Physics, |
| Date of publication, distribution, etc. | 2006. |
| 300 ## - PHYSICAL DESCRIPTION | |
| Extent | 842 p. ; |
| Dimensions | 28 cm. |
| 490 1# - SERIES STATEMENT | |
| Series statement | Graduate programs in physics, astronomy & related fields. |
| 700 1# - ADDED ENTRY--PERSONAL NAME | |
| Personal name | Brodsky,Marc H. |
| 830 #0 - SERIES ADDED ENTRY--UNIFORM TITLE | |
| Uniform title | Graduate programs in physics, astronomy & related fields. |
| 942 ## - ADDED ENTRY ELEMENTS (KOHA) | |
| Institution code [OBSOLETE] | SNS |
| Koha item type | Book |
| Call number prefix | 530.072073 BRO |
| Withdrawn status | Lost status | Damaged status | Not for loan | Permanent Location | Current Location | Date acquired | Total Checkouts | Full call number | Barcode | Date last seen | Price effective from | Koha item type |
|---|---|---|---|---|---|---|---|---|---|---|---|---|
| School of Natural Sciences (SNS) | School of Natural Sciences (SNS) | 05/26/2016 | 530.072073 BRO | SNS0001413 | 05/26/2016 | 05/26/2016 | Book |
